Probability and stochastic processes : a friendly introduction for electrical and computer engineers (Record no. 63877)
[ view plain ]
| 000 -LEADER | |
|---|---|
| fixed length control field | 00571nam a22001937a 4500 |
| 003 - CONTROL NUMBER IDENTIFIER | |
| control field | NUST - PNEC |
| 005 - DATE AND TIME OF LATEST TRANSACTION | |
| control field | 20170116180826.0 |
| 008 - FIXED-LENGTH DATA ELEMENTS--GENERAL INFORMATION | |
| fixed length control field | 150706b xxu||||| |||| 00| 0 eng d |
| 020 ## - INTERNATIONAL STANDARD BOOK NUMBER | |
| International Standard Book Number | 9780471272144 |
| 040 ## - CATALOGING SOURCE | |
| Transcribing agency | LIBRARY |
| 082 ## - DEWEY DECIMAL CLASSIFICATION NUMBER | |
| Classification number | 519.2 YAT |
| 100 ## - MAIN ENTRY--PERSONAL NAME | |
| 9 (RLIN) | 4355 |
| Personal name | Yates, Roy D. |
| 245 ## - TITLE STATEMENT | |
| Title | Probability and stochastic processes : a friendly introduction for electrical and computer engineers |
| Statement of responsibility, etc. | Roy D. Yates |
| 250 ## - EDITION STATEMENT | |
| Edition statement | 2nd ed |
| 260 ## - PUBLICATION, DISTRIBUTION, ETC. | |
| Place of publication, distribution, etc. | USA |
| Name of publisher, distributor, etc. | John Wiley & Sons,INC. |
| Date of publication, distribution, etc. | c2005. |
| 300 ## - PHYSICAL DESCRIPTION | |
| Extent | 519 p. : |
| 650 ## - SUBJECT ADDED ENTRY--TOPICAL TERM | |
| 9 (RLIN) | 4356 |
| Topical term or geographic name entry element | Probabilities |
| General subdivision | MIS |
| 942 ## - ADDED ENTRY ELEMENTS (KOHA) | |
| Source of classification or shelving scheme | |
| Koha item type | Book |
| Withdrawn status | Lost status | Source of classification or shelving scheme | Damaged status | Not for loan | Permanent Location | Current Location | Shelving location | Date acquired | Source of acquisition | Cost, normal purchase price | Total Checkouts | Full call number | Barcode | Date last seen | Date last checked out | Cost, replacement price | Price effective from | Koha item type |
|---|---|---|---|---|---|---|---|---|---|---|---|---|---|---|---|---|---|---|
| Pakistan Navy Engineering College (PNEC) | Pakistan Navy Engineering College (PNEC) | 11/07/2012 | ZS Dictionary Shop / Library Grant | 680.00 | 8 | 519.2 YAT | PNECLIB-031061 | 10/24/2016 | 10/17/2016 | 680.00 | 11/07/2012 | Book | ||||||
| Pakistan Navy Engineering College (PNEC) | Pakistan Navy Engineering College (PNEC) | 4 | 519.2 YAT | PNECLIB-031052 | 11/28/2016 | 11/28/2016 | Book | |||||||||||
| Pakistan Navy Engineering College (PNEC) | Pakistan Navy Engineering College (PNEC) | 1 | 519.2 YAT | PNECLIB-031057 | 09/28/2016 | 09/28/2016 | Book | |||||||||||
| Pakistan Navy Engineering College (PNEC) | Pakistan Navy Engineering College (PNEC) | 5 | 519.2 YAT | PNECLIB-031059 | 11/21/2016 | 11/21/2016 | Book | |||||||||||
| Pakistan Navy Engineering College (PNEC) | Pakistan Navy Engineering College (PNEC) | 1 | 519.2 YAT | PNECLIB-031060 | 09/28/2016 | 09/28/2016 | Book | |||||||||||
| Pakistan Navy Engineering College (PNEC) | Pakistan Navy Engineering College (PNEC) | 3 | 519.2 YAT | PNECLIB-031053 | 11/21/2016 | 11/21/2016 | Book | |||||||||||
| Pakistan Navy Engineering College (PNEC) | Pakistan Navy Engineering College (PNEC) | 1 | 519.2 YAT | PNECLIB-031058 | 09/28/2016 | 09/28/2016 | Book | |||||||||||
| Pakistan Navy Engineering College (PNEC) | Pakistan Navy Engineering College (PNEC) | 4 | 519.2 YAT | PNECLIB-031056 | 11/21/2016 | 11/21/2016 | Book | |||||||||||
| Pakistan Navy Engineering College (PNEC) | Pakistan Navy Engineering College (PNEC) | 3 | 519.2 YAT | PNECLIB-031055 | 12/07/2016 | 11/09/2016 | Book | |||||||||||
| Pakistan Navy Engineering College (PNEC) | Pakistan Navy Engineering College (PNEC) | 2 | 519.2 YAT | PNECLIB-031054 | 12/02/2016 | 12/02/2016 | Book |
